000 00823nam a22002297a 4500
999 _c19258
_d19258
003 AR-CdUCM
008 190517b ||||| |||| 00| 0 spa d
040 _aMUNICIPALIDAD PROVINCIAL DEL CUSCO
_cBIBLIOTECA MUNICIPAL DEL CUSCO
041 _hfre
082 _a502 /
_bL33
100 _aLe Chatelier, Henri
_940488
245 _aCiencia e industria /
260 _aBuenos Aires :
_bEspasa - Calpe Argentina,
_c1947.
300 _a311 páginas ;
_c20 cm.
505 _aContenido: Definición dela ciencia -- Los principios generales -- La observación de los hechos -- Medidas experimentales -- Errores -- Razonamiento ...
650 _aEnseñanza
_91616
650 _aRazonamiento
_920965
650 _aCiencia
_92098
700 _aPla, Cortes (traducción)
_940489
942 _2ddc
_cLIBROS
945 _aachl
_d2019-05-17